| 000 | 02220nam a22003494a 4500 | ||
|---|---|---|---|
| 001 | ebr10312805 | ||
| 003 | CaPaEBR | ||
| 006 | m u | ||
| 007 | cr cn||||||||| | ||
| 008 | 070419s2007 mauab sb 001 0 eng | ||
| 010 | _z 2007016512 | ||
| 015 |
_aGBA749250 _2bnb |
||
| 016 | 7 |
_z013778653 _2Uk |
|
| 020 | _z9780674025486 (pbk. : alk. paper) | ||
| 020 | _z0674025482 (pbk. : alk. paper) | ||
| 040 |
_aCaPaEBR _cCaPaEBR |
||
| 035 | _a(OCoLC)432671537 | ||
| 050 | 1 | 4 |
_aBL96 _b.A53 2007eb |
| 082 | 0 | 4 |
_a200.93 _222 |
| 245 | 0 | 0 |
_aAncient religions _h[electronic resource] / _cSarah Iles Johnston, general editor. |
| 260 |
_aCambridge, Mass. : _bBelknap Press of Harvard University Press, _c2007. |
||
| 300 |
_axi, 266 p. : _bill., maps. |
||
| 504 | _aIncludes bibliographical references and index. | ||
| 505 | 0 | _aEncountering ancient religions. What is ancient Mediterranean religion? / Fritz Graf -- Monotheism and polytheism / Jan Assmann -- Ritual / Jan Bremmer -- Myth / Fritz Graf -- Cosmology: time and history / John J. Collins -- Pollution, sin, atonement, salvation / Harold W. Attridge -- Law and ethics / Eckart Otto -- Mysteries / Sarah Iles Johnston -- Religions in contact / John Scheid -- Writing and religion / Mary Beard -- Magic / Sarah Iles Johnston. Histories. Egypt / Jan Assmann and David Frankfurter -- Mesopotamia / Paul-Alain Beaulieu -- Syria and Canaan / David P. Wright -- Israel / John J. Collins -- Anatolia: Hittites / David P. Wright -- Iran / William Malandra and Michael Stausberg -- Minoan and Mycenaean civilizations / Nanno Marinatos -- Greece / Jon Mikalson -- Etruria / Olivier de Cazanove -- Rome / John North -- Early Christianity / Harold W. Attridge -- Epilogue / Bruce Lincoln. | |
| 533 |
_aElectronic reproduction. _bPalo Alto, Calif. : _cebrary, _d2013. _nAvailable via World Wide Web. _nAccess may be limited to ebrary affiliated libraries. |
||
| 650 | 0 | _aReligions. | |
| 650 | 0 | _aCivilization, Ancient. | |
| 655 | 7 |
_aElectronic books. _2local |
|
| 700 | 1 |
_aJohnston, Sarah Iles, _d1957- |
|
| 710 | 2 | _aebrary, Inc. | |
| 856 | 4 | 0 |
_uhttp://site.ebrary.com/lib/rucke/Doc?id=10312805 _zAn electronic book accessible through the World Wide Web; click to view |
| 999 |
_c62757 _d62757 |
||